| 000 | 00000nam 2200000za 4500 |
| 001 | 9.839878 |
| 003 | CaOODSP |
| 005 | 20221107151717 |
| 007 | cr ||||||||||| |
| 008 | 170718s2013 onca |o f|0| 0 eng d |
| 040 | |aCaOODSP|beng |
| 043 | |an-cn--- |
| 086 | 1 |aNM34-6/2013E-PDF |
| 245 | 04|aThe science of sports |h[electronic resource]. |
| 260 | |a[Ottawa] : |bCanada Science and Technology Museum, |cc2013. |
| 300 | |a[90] p. : |bill. |
| 500 | |aIssued also in French under title: La science du sport. |
| 500 | |aCover title. |
| 504 | |aIncludes bibliographic references. |
| 505 | 0 |aSection 1: Introduction -- Section 2: The human body -- Section 3 : Forces -- Section 4 : Energy. |
| 520 | |a""The science of sports" is a teacher resource package that enable students to explore science concepts and examine their application in sports. This virtual program presents concepts about the human body, forces, and energy in a way that is accessible and interactive - combining hands-on activities, outdoor play and online discovery."--Introduction. |
| 692 | 07|2gccst|aSports |
| 692 | 07|2gccst|aSciences |
| 692 | 07|2gccst|aInstructional materials |
| 710 | 1 |aCanada.|bCanada Science and Technology Museum. |
| 775 | 08|tLa science du sport |w(CaOODSP)9.839881 |
| 856 | 40|qPDF|s2.40 MB|uhttps://publications.gc.ca/collections/collection_2017/mstc-cstm/NM34-6-2013-eng.pdf |